Islamiat Lazmi 4 th/Ed (Record no. 458156)
[ view plain ]
| 000 -LEADER | |
|---|---|
| fixed length control field | 00387 a2200157 4500 |
| 082 ## - DEWEY DECIMAL CLASSIFICATION NUMBER | |
| Classification number | 297 AIO |
| 090 ## - LOCALLY ASSIGNED LC-TYPE CALL NUMBER (OCLC); LOCAL CALL NUMBER (RLIN) | |
| -- | 38716 |
| -- | 38716 |
| 100 ## - MAIN ENTRY--PERSONAL NAME | |
| Personal name | AIOU |
| 245 ## - TITLE STATEMENT | |
| Title | Islamiat Lazmi 4 th/Ed |
| Statement of responsibility, etc. | AIOU |
| 250 ## - EDITION STATEMENT | |
| Edition statement | 4 th |
| 260 ## - PUBLICATION, DISTRIBUTION, ETC. | |
| Place of publication, distribution, etc. | Islamabad |
| Name of publisher, distributor, etc. | Allam Iqbal Open University |
| Date of publication, distribution, etc. | 1995 |
| -- | 1995 |
| 500 ## - GENERAL NOTE | |
| General note | CFT Textbook |
| 520 ## - SUMMARY, ETC. | |
| Summary, etc. | CFT Textbook |
| 538 ## - SYSTEM DETAILS NOTE | |
| System details note | 664 B actioned |
| 942 ## - ADDED ENTRY ELEMENTS (KOHA) | |
| Institution code [OBSOLETE] | NUST-CAE |
| Call number prefix | 297 AIO |
| Withdrawn status | Lost status | Damaged status | Not for loan | Permanent Location | Current Location | Date acquired | Total Checkouts | Full call number | Barcode | Date last seen | Price effective from | Koha item type |
|---|---|---|---|---|---|---|---|---|---|---|---|---|
| College of Aeronautical Engineering (CAE) | College of Aeronautical Engineering (CAE) | 03/29/2018 | 297 AIO | CAE75979 | 03/29/2018 | 03/29/2018 | Book | |||||
| College of Aeronautical Engineering (CAE) | College of Aeronautical Engineering (CAE) | 03/29/2018 | 297 AIO | CAE76012 | 03/29/2018 | 03/29/2018 | Book | |||||
| College of Aeronautical Engineering (CAE) | College of Aeronautical Engineering (CAE) | 03/29/2018 | 297 AIO | CAE75999 | 03/29/2018 | 03/29/2018 | Book | |||||
| College of Aeronautical Engineering (CAE) | College of Aeronautical Engineering (CAE) | 03/29/2018 | 297 AIO | CAE76000 | 03/29/2018 | 03/29/2018 | Book | |||||
| College of Aeronautical Engineering (CAE) | College of Aeronautical Engineering (CAE) | 03/29/2018 | 297 AIO | CAE76005 | 03/29/2018 | 03/29/2018 | Book | |||||
| College of Aeronautical Engineering (CAE) | College of Aeronautical Engineering (CAE) | 03/29/2018 | 297 AIO | CAE76008 | 03/29/2018 | 03/29/2018 | Book | |||||
| College of Aeronautical Engineering (CAE) | College of Aeronautical Engineering (CAE) | 03/29/2018 | 297 AIO | CAE75993 | 03/29/2018 | 03/29/2018 | Book | |||||
| College of Aeronautical Engineering (CAE) | College of Aeronautical Engineering (CAE) | 03/29/2018 | 297 AIO | CAE75988 | 03/29/2018 | 03/29/2018 | Book |
